| 000 | 00909cam a22002895a 4500 | ||
|---|---|---|---|
| 001 | 016052971 | ||
| 003 | OSt | ||
| 005 | 20171226102836.0 | ||
| 008 | 120314s2012 enka frb 001 0 eng d | ||
| 020 | _a9780141033570 | ||
| 020 | _a0141033576 | ||
| 040 |
_aStDuBDS _beng _cStDuBDS _dUk _dEG-ScBUE |
||
| 082 | 0 | 4 |
_a153.4 _222 _bKAH |
| 100 | 1 |
_aKahneman, Daniel, _d1934- _930399 |
|
| 245 | 1 | 0 |
_aThinking, fast and slow / _cDaniel Kahneman. |
| 260 |
_aLondon : _bPenguin, _c2012. |
||
| 300 |
_a499 p. : _bill. ; _c20 cm. |
||
| 500 | _aOriginally published: New York: Farrar, Straus & Giroux; London: Allen Lane, 2011. | ||
| 504 | _aIncludes bibliographical references and index. | ||
| 530 | _aAlso issued online. | ||
| 650 | 7 |
_aDecision making. _2BUEsh _912112 |
|
| 650 | 7 |
_aCognition. _2BUEsh |
|
| 650 | 7 |
_aJudgment. _2BUEsh |
|
| 653 |
_bGGEN _cDecember2017 |
||
| 655 |
_vReading book _934232 |
||
| 942 | _2ddc | ||
| 999 |
_c25802 _d25774 |
||